| 000 | 01102nac a22003011u 4500 | ||
|---|---|---|---|
| 010 | _a81640179 | ||
| 022 | 0 | _a0010-7468 : | |
| 035 | _a(OCoLC)ocm06921683 | ||
| 082 | 0 |
_a928.105 _bCON |
|
| 090 |
_c9947 _d9947 |
||
| 100 | _a20080729 | ||
| 245 | 1 | 0 |
_aContemporary authors : _bA Bio- Bibliographical Guide to Current Writers in Fiction, General Nofiction, Poetry, Journalism, Drama, Motion Pictures, Television, and other fields / _pNew Revisin Series. |
| 260 |
_aDetroit : _bGale Research Inc., |
||
| 300 |
_av. _c27 cm. |
||
| 440 | _aContemporary authors; | ||
| 500 | _aDonations. | ||
| 500 | _aDonations - AUC. | ||
| 504 | _aIncludes bibliographical references. | ||
| 511 | _aCatalogued by: Sara. | ||
| 511 | _aCatalogued By: Mahitab. | ||
| 650 | _aAuthors, American -- Biography -- Periodicals. | ||
| 650 | _aUnited States -- Bio-bibliography -- Periodicals. | ||
| 650 | _aEncyclopedias and dictionaries | ||
| 942 |
_cNB _k928.105CON _hRDA-MOD |
||
| 999 |
_c9947 _d9947 |
||
| 336 |
_2rdacontent _atext _btxt |
||
| 337 |
_aunmediated _2rdamedia _bn |
||
| 338 |
_avolume _bnc _2rdacarrier |
||